20 plus grosses ventes du LOSC - Statistiques

Statistiques générales
  • Ce quiz a été pris 370 fois
  • Le résultat moyen est 13 sur 20
Statistiques - réponses
Rang Saison Nouveau Club Prix Réponse % Correct
1 19/20 Arsenal FC 80 millions Nicolas Pépé
97%
2 20/21 SSC Napoli 77,5 millions Victor Osimhen
94%
3 24/25 Manchester Utd. 62 millions Leny Yoro
93%
7 12/13 Chelsea FC 35 millions Eden Hazard
92%
4 19/20 AC Milan 49,5 millions Rafael Leão
86%
16 21/22 AC Milan 16.5 millions Mike Maignan
79%
6 22/23 Newcastle Utd. 37 millions Sven Botman
77%
5 22/23 FC Everton 40 millions Amadou Onana
72%
17 21/22 ACF Fiorentina 15.5 millions Jonathan Ikoné
72%
9 20/21 Arsenal FC 26 millions Gabriel
67%
18 22/23 Paris SG 15 millions Renato Sanches
67%
10 19/20 O. Lyonnais 22 millions Thiago Mendes
67%
8 23/24 Brighton HAFC 27 millions Carlos Baleba
65%
11 21/22 Leicester City 20 millions Boubakary Soumaré
56%
19 13/14 Paris SG 15 millions Lucas Digne
49%
13 09/10 O. Lyonnais 18 millions Michel Bastos
48%
12 16/17 FC Southampton 19 millions Sofiane Boufal
38%
20 16/17 AS Monaco 15 millions Djibril Sidibé
34%
15 18/19 Brigthon HAFC 17 millions Yves Bissouma
32%
14 07/08 O. Lyonnais 17 millions Abdul Kader Keita
19%
Aucun quiz correspondant
Distribution des résultats
% des personnes avec chaque résultat
Percentile par nombre de réponses
Votre historique - résultats
Vous n’avez pas pris ce quiz